Michigan by Picture - Statistics

General Stats
  • This quiz has been taken 125 times
  • The average score is 8 of 15
Answer Stats
Picture Hint Answer % Correct
inventor Henry Ford
89%
auto manufacturer General Motors
85%
(singer) Aretha Franklin
82%
(record label) Motown Records
79%
(bridge) Mackinac Bridge
73%
(boxer) Joe Louis
63%
(breakfast cereal) Corn Flakes
55%
(region) {Copper} Country
54%
(hockey Hall of Famer) Gordie Howe
46%
(city) Traverse City
44%
(city) Grand Rapids
42%
(national lakeshore) Pictured Rocks
32%
(statue) The {Spirit} of Detroit
31%
(namesake philanthropist) Helen Devos
15%
(festival) Tulip Time
10%
No matching quizzes found
Score Distribution
Percent of People with Each Score
Percentile by Number Answered
Your Score History
You have not taken this quiz